000
00302 a2200109 4500
001
ART_18251
005
20260410161659.0
008
260409a
245
1
0
_a
La vista previa impositiva
100
1
_a
Baldo, Alberto
773
0
_t
Práctica profesional
_g
- Nº 156 (dic. 2011)
_w
REV542
999
_c
14953
_d
14953